000 00228nam a22000857a 4500
008 170616b xxu||||| |||| 00| 0 eng d
100 _93438
_aChatterjee. S. P
245 _aRomance of postage stamps
260 _aNew Delhi
_bN. B. T
_c2009
999 _c6813
_d6813